La cause juridique de la demande en justice: essai de définition
Shranjeno v:
| Glavni avtor: | |
|---|---|
| Format: | Knjiga |
| Jezik: | francoščina |
| Izdano: |
París
Librairie Générale de Droit et de Jurisprudence
1962
|
| Serija: | Bibliothèque de Droit Public, 44
|
| Teme: | |
| Oznake: |
Označite
Brez oznak, prvi označite!
|
MARC
| LEADER | 00000nam a2200000 a 4500 | ||
|---|---|---|---|
| 001 | UCS0507 | ||
| 003 | CL-VaPUC | ||
| 008 | 970426e19620000FR |||||||||||||||||fre|d | ||
| 082 | 0 | 4 | |a 342.066 |b GIL |2 21 |
| 100 | 0 | |a Gilli, Jean-Paul |e author |9 384111 | |
| 245 | 1 | 3 | |a La cause juridique de la demande en justice: essai de définition |
| 300 | |a 262 p | ||
| 942 | |c BK | ||
| 945 | |d 19970426 00:00:00 |a paguirre | ||
| 260 | |a París |b Librairie Générale de Droit et de Jurisprudence |c 1962 | ||
| 650 | 0 | |a Derecho administrativo |9 254851 | |
| 650 | 7 | |a DEMANDA |2 CL-VaPUC |9 255172 | |
| 650 | 0 | |a Actos jurídicos |9 255748 | |
| 650 | 7 | |a RESPONSABILIDAD CIVIL |2 CL-VaPUC |9 384112 | |
| 650 | 0 | |a Jurisprudencia |9 255952 | |
| 583 | |a last modification |c 19970426 00:00:00 |k Rodrigo Vera | ||
| 490 | 0 | |a Bibliothèque de Droit Public, 44 | |
| 999 | |c 258733 |d 258731 | ||
| 952 | |0 0 |1 0 |4 0 |6 342_066000000000000_GIL_1962 |7 0 |8 A |9 283011 |a BIBDER |b BIBDER |d 2019-11-19 |i 1836285 |o 342.066 GIL 1962 |p 1836285 |r 2023-01-25 |w 2019-11-19 |y BK |k DER | ||